osu! pp Records - Statistics

General Stats
  • This quiz has been taken 32 times
  • The average score is 44 of 74
Answer Stats
pp Value Answer Score Details % Correct
1809pp mrekk Yousei Teikoku - Zetsubou Plantation (Cut Ver.)[Plasma's Extreme] +HDDT 98.63% FC (30/12/2024)
93%
1887pp mrekk Tim Follin - Title Screen[The Video Game of Quick Draw] +HDDT 97.57% 6xMiss (5/3/2025)
93%
1774pp* mrekk Tim Follin - Title Screen[The Video Game of Quick Draw] +HDDT 97.57% 6xMiss (5/3/2025)
93%
2048pp mrekk Various Artists - Songs Compilation VI [Collab Extra] +HDDT 99.21% 1xMiss(26/4/2025)
93%
800pp Cookiezi xi - FREEDOM DiVE[FOUR DIMENSIONS] +HDHR 99.83% FC (19/9/2016)
89%
1322pp mrekk Avenged Sevenfold - Save Me[Tragedy] +HDDT 97.60% 4xMiss (2/11/2022)
89%
1371pp mrekk Yooh - MariannE[Collab] +HDDT 99.03% FC (7/12/2022)
89%
1381pp mrekk TUYU - Anoyo-iki no Bus ni Notte Saraba.[Yandere] +HDDT 96.20% 6xMiss (1/10/2023)
89%
1760pp mrekk Avenged Sevenfold - Save Me[Nightmare] +HDDT 99.20% FC (30/8/2024)
89%
1711pp Accolibed VINXIS - Sidetracked Day[Infinity Inside] +HDDT 96.69% FC (13/10/2023)
85%
1216pp* mrekk Bliitzit - Team Magma & Team Aqua Leader Battle Theme (Unofficial)[Catastrophe] +HDDTHR 100.00% FC (31/5/2021)
85%
1357pp aetrna xi - Ascension to Heaven[Death] +HDDTHR 96.40% FC (1/12/2022)
81%
727pp Cookiezi xi - Blue Zenith[FOUR DIMENSIONS] +HR 99.71% 1xMiss (2/1/2016)
81%
820pp* Cookiezi xi - FREEDOM DiVE[FOUR DIMENSIONS] +HDHR 99.83% FC (19/9/2016)
81%
1241pp* mrekk Yamajet feat. Hiura Masako - Sunglow[Harmony] +HDDTHR 98.39% 2xMiss (17/7/2021)
81%
1192pp* mrekk Kano - Stella-rium (Asterisk MAKINA Remix)[Starlight] +HDDT 99.00% FC (21/6/2021)
81%
1241pp mrekk kakichoco - Zan'ei[Illusion] +HDDT 98.99% FC (9/6/2022)
81%
1023pp Vaxei Wakeshima Kanon - Tsukinami[Nostalgia] +HDDT 99.42% FC (8/7/2019)
81%
1505pp Accolibed DragonForce - Valley of the Damned[Apocalypse] +DT 99.32% FC (6/10/2023)
78%
1138pp WhiteCat Bliitzit - Team Magma & Team Aqua Leader Battle Theme (Unofficial)[Catastrophe] +HDDTHR 98.31% FC (10/10/2019)
78%
1946pp Ivaxa Fleshgod Apocalypse - The Violation[pishi's Extra] +DT 94.70% 5xSB (5/4/2025)
74%
1150pp* Merami THE ORAL CIGARETTES - Mou Ii Kai?[Rain] +HDDT 98.14% 1xMiss (17/6/2020)
74%
370tp Cookiezi xi - FREEDOM DiVE [Another] +HR 99.06% FC (28/11/2012)
70%
817pp Cookiezi kradness&Reol - Remote Control[Max Control!] +HDDT 99.54% FC (29/3/2017)
70%
1827pp Ivaxa Fleshgod Apocalypse - The Violation[pishi's Extra] +DT 93.77% 1xMiss (18/3/2025)
70%
817pp* Cookiezi kradness&Reol - Remote Control[Max Control!] +HDDT 99.54% FC (29/3/2017)
67%
1066pp Vaxei Loki - Wizard's Tower[Ultimate Magic] +HDDT 99.31% FC (23/7/2019)
67%
829pp Rafis MISATO - Necro Fantasia[Lasse's Lunatic] +HDDT 98.72% FC (21/1/2018)
63%
972pp Vaxei Brian The Sun - Lonely Go! (TV Size)[Fiery's Extreme] +HDDTHR 95.36% 3xMiss (23/6/2019)
63%
1289pp badeu Tanaka Hirokazu - C-TYPE[Bonsai's BasS-TYPE] +DTHRFL 97.12% FC (26/11/2020)
59%
344tp Cookiezi t+pazolite - Chipscape [Ragnarok] +HD 99.12% FC (29/8/2011)
59%
346tp Cookiezi Awake - Supernova [DoKo] +HDHR 98.00% FC (17/11/2012)
59%
981pp idke DragonForce - Cry Thunder[Unholy Darkness] +HR 99.59% FC (24/11/2018)
59%
527tp* Cookiezi Saiya - Remote Control [Insane] +HDDT 97.91% FC (15/4/2013)
56%
1149pp* FGSky Oomori Seiko - JUSTadICE (TV Size)[Extreme] +HDDTHRFL 94.78% 2xMiss (3/2/2020)
56%
1173pp* FGSky Oomori Seiko - JUSTadICE (TV Size)[Extreme] +HDDTHRFL 96.16% 1xMiss (4/2/2020)
56%
1158pp FGSky Oomori Seiko - JUSTadICE (TV Size)[Extreme] +HDDTHRFL 91.95% 2xMiss (4/3/2020)
56%
1260pp FGSky Oomori Seiko - JUSTadICE (TV Size)[Extreme] +HDDTHRFL 94.95% 2xMiss (6/3/2020)
56%
986pp* idke DragonForce - Cry Thunder[Unholy Darkness] +HR 99.68% FC (2/11/2018)
56%
936pp* idke DragonForce - Cry Thunder[Unholy Darkness] +HR 99.59% FC (24/11/2018)
56%
850pp FGSky ClariS - Shiori -TV size mix-[Apex] +HDDTHRFL 91.33% 1xMiss (15/2/2018)
52%
827pp FGSky ClariS - Shiori -TV size mix-[Apex] +HDDTHRFL 91.89% 1xMiss (19/6/2018)
52%
948pp fieryrage Koda Kumi - Guess Who Is Back (TV Size)[Fiery's Extreme] +DTHR 97.80% FC (11/2/2019)
52%
560pp* hvick225 FLOWxGRANRODEO - 7 -seven- -TV Size -[Expert] +HDDT 99.84% FC (25/3/2015)
52%
665pp hvick225 HoneyWorks - Miraizu feat.Aida Miou(CV: Toyosaki Aki)[Special] +HDDT 98.73% FC (8/8/2015)
52%
666pp Rafis Fujijo Seitokai Shikkou-bu - Best FriendS[Insane] +HDDTHR 98.11% FC (4/9/2015)
52%
457tp Cookiezi yanaginagi - Killer Song (Short Ver.) [Insane] +HDDT 99.08% FC (14/4/2013)
48%
541tp Cookiezi Saiya - Remote Control [Insane] +HDDT 97.91% FC (15/4/2013)
48%
558pp* hvick225 Saiya - Remote Control[Insane] +HDDT 98.47% FC (17/8/2014)
48%
538pp hvick225 Printemps - Eien Friends[Friends] +HDDT 99.78% FC (14/3/2015)
48%
560pp hvick225 FLOWxGRANRODEO - 7 -seven- -TV Size -[Expert] +HDDT 99.84% FC (25/3/2015)
48%
1035pp idke Foreground Eclipse - Songs Compilation[I Won't Say "Farewell"; Someday, We'll Meet Again] +HR 99.28% FC (9/7/2019)
48%
667pp WubWoofWolf DragonForce - Defenders [Legend] +HR 98.46% FC (3/11/2015)
48%
849pp freedomdiver Ayase Rie - Yuima-ru*World TVver.[Ultimate] +HDDTHRTD 83.25% 1xSB (15/11/2017)
44%
893pp freedomdiver Ayase Rie - Yuima-ru*World TVver.[Ultimate] +HDDTHRTD 77.83% FC (15/11/2017)
44%
900pp freedomdiver Ayase Rie - Yuima-ru*World TVver.[Ultimate] +HDDTHRTD 78.58% FC (15/11/2017)
44%
558pp hvick225 Saiya - Remote Control [Insane] +HDDT 98.47% FC
(17/8/2014)
44%
941pp Karthy GYZE - HONESTY[DISHONEST] +HDHR 99.76% FC (17/9/2018)
44%
603pp WubWoofWolf AKITO - Sakura Kagetsu[Pasonia's Insane] +DTHR 98.36% FC (4/4/2015)
44%
730pp AngeLMegumin Chino(CV.Minase Inori) - Shinsaku no Shiawase wa Kochira![Happy~!] +HDDT 99.50% FC (1/9/2016)
41%
609pp* _index DragonForce - The Last Journey Home[Legend] +HR 97.62% 1xSB (26/3/2015)
41%
608pp _index DragonForce - The Last Journey Home[Legend] +HR 98.14% FC (21/4/2015)
41%
1258pp jot_bab 765 MILLION ALLSTARS - UNION!![We are all MILLION!!] +DTFL 97.07% 6xMiss (27/3/2021)
41%
1253pp Kalanluu Renard - Because Maybe! pt. 3[Marathon] +EZHTFL 99.92% 2xMiss (5/8/2022)
41%
835pp idke GYZE - HONESTY[DISHONEST] +HR 99.34% FC (2/7/2018)
37%
408tp rrtyui Saiya - Remote Control [Insane] +HDDT 95.62% 2xMiss (18/12/2012)
37%
419tp* rrtyui A*Teens - Gimme! Gimme! Gimme! (Nightcore Mix) [CDFGimme!] +DT 97.54% FC (10/5/2013)
33%
440tp rrtyui yanaginagi - Killer Song (Short Ver.) [Insane] +HDDT 98.82% FC (1/12/2013)
33%
531tp rrtyui Saiya - Remote Control [Insane] +HDDT 97.77% FC (1/12/2013)
33%
517pp* rrtyui Saiya - Remote Control [Insane] +HDDT 97.77% FC
(1/12/2013)
33%
614pp Xilver Yooh - Ice Angel[Saint] +HR 99.78% FC (17/7/2015)
30%
577pp Kuvster Nico Nico Douga - U.N. Owen wa Kanojo Nanoka? (Nico Mega Mix) [TAG4] +EZHTTD 92.57% 3xMiss
(2/2/2015)
26%
364tp Niko Susumu Hirasawa - CHEVRON [KIRBY Mix] +DT 99.80% FC (21/11/2012)
26%
830pp* Abyssal GYZE - HONESTY[DISHONEST] +HR 99.25% FC (24/6/2018)
19%
No matching quizzes found
Score Distribution
Percent of People with Each Score
Percentile by Number Answered
Your Score History
You have not taken this quiz